000 01895cam a22004934i 4500
003 PE-LiUPU
005 20250731173554.0
008 150616s1994 ag a r 000 0 spa d
020 _a9505734492
035 _a(Sirsi) i9789505734498
040 _aPE-LiUPU
_bspa
_cPE-LiUPU
_erda
049 _aPRUA
082 0 4 _a268.02
_bD49W
_221
100 1 _aDelafield, Dwight A.,
_eautor.
245 1 0 _aPor la Gracia de Dios /
_cDwight A. Delafield.
264 1 _aBuenos Aires :
_bACES,
_c1994.
300 _a253 páginas ;
_c21 centímetros
336 _atext
_2rdacontent
337 _aunmediated
_2rdamedia
338 _avolume
_2rdacarrier
505 0 _aEl voto JA -- La ley JA.
526 _aSEG42
526 _aSEG41
526 _aSEG40
526 _aSEG39
526 _aP94
526 _aP87
526 _aP86
526 _aP85
526 _aP77
526 _aP76
526 _aP35
650 0 4 _aEducación cristiana
_xManuales.
910 _ajck
_bjvq
_cjck
942 _2ddc
_cBOOK
949 _a268.02 D49 W
_wDEWEY
_c1
_i43407
_d2016-1-27
_e2016-1-26
_lCCODEBUL1
_mBUL
_n3
_r0
_sY
_tBOOK
_u2015-6-16
_xTEOLOGIA
_zUNKNOWN
_0COMPRA
_o.STAFF. Colección General
949 _a268.02 D49 W
_wDEWEY
_c2
_i46554
_d2016-2-5
_e2016-2-4
_lCCODEBUL1
_mBUL
_n3
_r0
_sY
_tBOOK
_u2015-6-16
_xTEOLOGIA
_zUNKNOWN
_0COMPRA
_o.STAFF. Colección General
994 _aC0
_bPEPRU
596 _a1 4
999 _a268.02 D49 W
_wDEWEY
_c61376
_i46554
_d61376
_e2018-4-10
_f2021-11-10
_g5
_lCCODEBUL1
_mBUL
_n4
_p15.00
_r0
_sY
_tBOOK
_u2015-6-16
_xTEOLOGIA
_PP35
_0COMPRA
_o.STAFF. Colección Teología
999 _a268.02 D49 W
_wDEWEY
_c1
_i43407
_d2019-8-27
_e2018-5-24
_f2019-12-11
_g4
_lCCODECWL1
_mBWL
_n4
_p15.00
_q2
_r1
_sY
_tBOOK
_u2015-6-16
_xTEOLOGIA
_PP35
_0COMPRA
_o.STAFF. Colección Teología
980 _81
_gALBERTO SANCHEZ Responsable de Automatización